La mercancía, capítulo 1

Spremljeno u:
Bibliografski detalji
Glavni autor: Marx, Carlos
Format: Tekst
Izdano: San José: CSUCA
Oznake: Dodaj oznaku
Bez oznaka, Budi prvi tko označuje ovaj zapis!

MARC

LEADER 00000 a a2200000 04500
001 21810
003
040
090 |a 097900  
100 |a Marx, Carlos  
245 |a La mercancía, capítulo 1  
260 |a San José:   |b CSUCA  
300 |a 47 p.  
999 |c 8578  |d 8578